000 00875nam a2200241Ia 4500
003 OSt
005 20220916110922.0
006 a|||||r|||| 00| 0
007 ta
008 220915b |||||||| |||| 00| 0 hin d
024 _a215569
037 _cTextbook
040 _bhin
_aARTS
_cARTS
041 _ahin
082 _aO152:g, K3
100 _aमुद्राराक्षस
245 0 _aसाहित्य समीक्षा: परिभाषाएं और समस्याएं
246 _aSatyan shivan sundaram: sāhitya kā sāanskṛutik vivechana
260 _aदिल्ली
_bनेशनल पब्लिशिंग हाऊस भारत
_c1963
650 _aहिन्दी साहित्य
942 _hO152:g, K3
_cTB
_2CC
999 _c101375
_d101375